000 00192 a2200097 4500
020 _a978'9978493786
041 _aspa
100 _aMaria Fernanda Hereida
245 _aCuatro ojos
942 _cBK
999 _c11086
_d11086